000 00574nam a22002177a 4500
003 SEACOMEC
005 20240313113832.0
008 240313b |||||||| |||| 00| 0 eng d
020 _a978-0766803282
_c$6.50
040 _aSEACOMEC
041 _aEnglish
082 _a621.3815
_bB5930
100 _aBignell, James
245 _aDigital Electronics
_c James Bignell, and Robert Donovan,
250 _a4th ed
260 _aSingapore
_bThomson
_c2001
300 _a751p
_c24.13 cm
650 _aApplied Physics
_vElectronics
700 _a Donovan, Robert
942 _cBOOK
999 _c767
_d767